Random Provinces of China - Statistics

General Stats
  • This quiz has been taken 51 times
  • The average score is 8 of 10
Answers on the Map
Answers color-coded by a green-red scale on the quiz's map according to % correct below.
 
Answer Stats
Province % Correct
Guizhou
100%
Henan
100%
Inner Mongolia
100%
Liaoning
100%
Ningxia
100%
Shandong
100%
Shanghai
100%
Tibet
100%
Xinjiang Uyghur
100%
Yunnan
100%
Hubei
83%
Jilin
80%
Beijing
75%
Chongqing
75%
Hainan
75%
Heilongjiang
75%
Hunan
75%
Tianjin
75%
Guangdong
67%
Shaanxi
67%
Shanxi
67%
Hebei
63%
Anhui
60%
Sichuan
60%
Zhejiang
60%
Gansu
50%
Jiangsu
50%
Jiangxi
40%
Fujian
33%
Guangxi
25%
Qinghai
25%
No matching quizzes found
Score Distribution
Percent of People with Each Score
Percentile by Number Answered
Your Score History
You have not taken this quiz